Understanding Cheque Law / (Record no. 66)
[ view plain ]
| 000 -LEADER | |
|---|---|
| fixed length control field | 00515nam a22001697a 4500 |
| 005 - DATE AND TIME OF INPUT | |
| control field | 20231026070301.0 |
| 008 - DATA ELEMENTS--GENERAL INFORMATION | |
| fixed length control field | 231026b |||||||| |||| 00| 0 eng d |
| 020 ## - INTERNATIONAL STANDARD BOOK NUMBER | |
| International Standard Book Number | 0702128074 |
| 082 ## - SHELF NUMBER | |
| DDC number | 346.7 SHA |
| 100 ## - MAIN AUTHOR | |
| Main author's name | Sharrock, R and Kidd, M |
| Language of a work | English |
| 245 ## - TITLE STATEMENT | |
| Title | Understanding Cheque Law / |
| Statement of responsibility, etc. | R Sharrock and M Kidd |
| 250 ## - EDITION STATEMENT | |
| Edition statement | First Edition |
| 260 ## - PUBLICATION, DISTRIBUTION, ETC. | |
| Place of publication, distribution, etc. | Cape Town : |
| Name of publisher, distributor, etc. | Juta and Co. Ltd, |
| Date of publication, distribution, etc. | 1993 |
| 300 ## - PHYSICAL DESCRIPTION | |
| Other physical details | xli, 227 pages ; |
| Dimensions | 25,4 cm. |
| 650 ## - SUBJECT` | |
| Broad subject | Legal practice |
| Own subject terms | Law |
| 942 ## - ADDED ENTRY ELEMENTS (KOHA) | |
| Item type | Books |
| 942 ## - ADDED ENTRY ELEMENTS (KOHA) | |
| -- | ALISON_BN_VRIES |
| Source of classification or shelving scheme | Not for loan | Collection code | Home library | Current library | Shelving location | Date acquired | Full call number | Barcode | Price effective from | Koha item type |
|---|---|---|---|---|---|---|---|---|---|---|
| Dewey Decimal Classification | TEXT BOOKS | LAW SOCIETY OF NAMIBIA LIBRARY - WINDHOEK | LAW SOCIETY OF NAMIBIA LIBRARY - WINDHOEK | Civil Procedure and Court | 10/26/2023 | 346.7 SHA | LSN/2004/104 | 10/26/2023 | Books |
